Close quarters

Bibliographic Details
Main Author: Gilbert, Michael
Format: Book
Published: Bath : Chivers Press , 1991
Subjects:

MARC

LEADER 00000cam a2200000 7i4500
001 0000000778
002 000000878
005 20000330.0
020 |a 086220805X 
090 0 0 |a F   |b GIL 
100 1 |a Gilbert, Michael 
245 1 0 |a Close quarters   |c Michael Gilbert 
260 |a Bath :   |b Chivers Press ,   |c 1991 
300 |a 192p. ;   |c 21cm. 
650 0 0 |a Crime and detection fiction 
999 |a 030747   |b BUKU   |c PINJAMAN   |e PERPUSTAKAAN KOMUNITI PETALING JAYA